000
00256nam a22001097a 4500
082
_a
923.1 FUR'A
100
_a
FURNEAUX, RUPERT
_9
48725
245
_a
ABDUL KARIM EMIR OF THE RIF
260
_a
LONDON
_b
SECKER & WARBURG
_c
1967
300
_a
253P
942
_c
BK
999
_c
580321
_d
580321